000
00218nam a22000857a 4500
008
170216b xxu||||| |||| 00| 0 eng d
100
_9
2884
_a
Arora.S
245
_a
Information Practics XII
260
_a
New Delhi
_b
Dhanpat
_c
2011
999
_c
6113
_d
6113